000 00350nam a2200133Ia 4500
008 230524s9999 xx 000 0 und d
020 _a818419398X
100 _aRenu Saran
_936639
245 0 _aGreat Personalities of the World
260 _bDiamond Books
500 _aQuantity Number: 1
650 _aPersonality Development
_936640
942 _cBK
999 _c50678
_d50678